000 00326nam a22001217a 4500
008 230626b xxu||||| |||| 00| 0 eng d
082 _a331.1
_bMBI
100 _cPhilip M. Mbithi and Carolyn Barnes
245 _aThe Spontaneous Settlement Problem in kenya
260 _aNairobi
_bEALB
_c1975
300 _a191p
942 _2ddc
_cBK
999 _c2666
_d2666